| 000 | | | 03653cbm0a2200253#x 450 |
| 001 | | | 22f5b5de-8213-49ba-ad47-c4ccf4f15090 |
| 005 | | | 20200413135044.0 |
| 100 | ## | $a | 20200330j19390823k###0rusy50 ca |
| 101 | 0# | $a | rus |
| | $a | ger |
| 102 | ## | $a | RU |
| 122 | 0# | $a | d19390823## |
| 200 | 1# | $a | Советско-германский договор о ненападении |
| | $j | 23 августа 1939 г. |
| 251 | ## | $c | Документ |
| 461 | #0 | $1 | 2001 |
| | $a | Ф. 3а |
| | $1 | 251 |
| | $c | Фонд |
| | $1 | 852 |
| | $j | 3а |
| 462 | #0 | $1 | 2001 |
| | $a | Оп. 1. П. 18 |
| | $1 | 251 |
| | $c | Опись |
| | $1 | 852 |
| | $j | 1. П. 18 |
| 462 | #0 | $1 | 2001 |
| | $a | Д. 243 |
| | $v | Л. 1-5 |
| | $1 | 251 |
| | $c | Дело |
| | $1 | 852 |
| | $j | 243 |
| 605 | ## | $2 | prlib_sh |
| | $3 | LIBNET\UAF\0000088514 |
| | $a | Правда о Второй мировой войне (Комплекс оцифрованных архивных документов, кино- и фотоматериалов) |
| | $l | коллекция |
| 617 | ## | $2 | prlib_sh |
| | $a | СССР |
| | $f | 1939 |
| 617 | ## | $2 | prlib_sh |
| | $a | Германия |
| | $f | 1939 |
| 801 | #0 | $a | RU |
| | $b | ПБ им. Б.Н. Ельцина |
| | $c | 20200330 |
| 801 | #1 | $a | RU |
| | $b | ПБ им. Б.Н. Ельцина |
| | $c | 20200330 |
| | $2 | rusmarc |
| 801 | #2 | $a | RU |
| | $b | ПБ им. Б.Н. Ельцина |
| | $c | 20200413 |
| | $2 | rusmarc |
| 850 | ## | $a | Архив внешней политики Российской Федерации |
| 852 | ## | $a | АВП РФ |
| | $j | Л. 1-5 |
| 035 | ## | $a | LIBNET\0001067571 |
| 937 | ## | $d | 144014361 |
| | $h | Архив внешней политики Российской Федерации |
| 856 | 4# | $u | http://readingroom.main.prlib.ru/item.aspx?id_node=n144014361&mode=full |